00295nam a2200121Ia 45000030006000000080041000060400015000471000019000622450044000812600019001255460012001440050017001560STCL150530s9999 xx 000 0 und d aSTCLcSTCL aPrentice, A.N. aCotton with special reference to Africa bLongmansc1972 aEnglish20220125170406.0